Landmark By State - Statistics

General Stats
  • This quiz has been taken 18 times
  • The average score is 12 of 20
Answer Stats
Landmark State % Correct
Disney World Florida
100%
Denali Alaska
94%
Alcatraz Island California
94%
Space Needle Washington
94%
Mauna Loa Hawaii
88%
Bourbon Street Louisiana
88%
Yale University Connecticut
81%
Mall of America Minnesota
81%
Graceland Tennessee
81%
Hoover Dam Nevada
69%
Bryce Canyon Utah
69%
The Bean Illinois
56%
The Ark Encounter Kentucky
38%
White Mountians New Hampshire
38%
Green Mountains Vermont
38%
Devil's Tower Wyoming
31%
Biosphere 2 Arizona
25%
Bombay Hook Delaware
19%
Chimney Rock Nebraska
19%
Fallingwater Pennsylvania
19%
No matching quizzes found
Score Distribution
Percent of People with Each Score
Percentile by Number Answered
Your Score History
You have not taken this quiz